000 00311 a2200157 4500
001 164507
020 _a
040 _cMagnum
100 _aMurgel Branco, Samuel
240 1 0 _aPoluicao do ar
_lpor
245 1 0 _aPoluicao do ar
362 0 _a1899
440 1 _aModerna
697 _aECOLOGIA
942 _cBK
999 _c164507
_d164507